00383nem a2200145 i 450000100060000000300090000600500170001500700030003200800410003524500600007626000420013630000170017850000210019585200210021697208ES-MaACL20230906182047.0t|050707s1824 fr | |0|1||spa d00aMapas del N.E. de España [hMaterial cartográfico]. aParis : bDepot de la guerre, c1824. b5 map. pleg. aTexto francés. aES-MaACLjG-6883